<?xml version="1.0" encoding="UTF-8"?>
<record
    xmlns:xsi="http://www.w3.org/2001/XMLSchema-instance"
    xsi:schemaLocation="http://www.loc.gov/MARC21/slim http://www.loc.gov/standards/marcxml/schema/MARC21slim.xsd"
    xmlns="http://www.loc.gov/MARC21/slim">

  <leader>01228nam a22002057a 4500</leader>
  <datafield tag="999" ind1=" " ind2=" ">
    <subfield code="c">22127</subfield>
    <subfield code="d">22127</subfield>
  </datafield>
  <controlfield tag="003">AR-CdUCM</controlfield>
  <controlfield tag="008">190430b           ||||| |||| 00| 0 spa d</controlfield>
  <datafield tag="040" ind1=" " ind2=" ">
    <subfield code="a">MUNICIPALIDAD PROVINCIAL DEL CUSCO</subfield>
    <subfield code="c">BIBLIOTECA MUNICIPAL DEL CUSCO</subfield>
  </datafield>
  <datafield tag="082" ind1=" " ind2=" ">
    <subfield code="a">Alma/N&#xB0;1/1951</subfield>
  </datafield>
  <datafield tag="245" ind1=" " ind2=" ">
    <subfield code="a">Revista Alma Magisterial :</subfield>
    <subfield code="b">&#xF3;rgano del Magisterio primario de Urubamba /</subfield>
    <subfield code="c">Mario Alberto Gilt Contreras, director</subfield>
  </datafield>
  <datafield tag="260" ind1=" " ind2=" ">
    <subfield code="a">Urubamba.</subfield>
    <subfield code="b">H. G. Rozas,</subfield>
    <subfield code="c">1951.</subfield>
  </datafield>
  <datafield tag="300" ind1=" " ind2=" ">
    <subfield code="a">133 p&#xE1;ginas ;</subfield>
    <subfield code="c">25 cm.</subfield>
  </datafield>
  <datafield tag="440" ind1=" " ind2=" ">
    <subfield code="a">Revista Alma Magisterial.</subfield>
    <subfield code="n">A&#xF1;o I, N&#xB0;1, abril  1951.</subfield>
    <subfield code="9">47496</subfield>
  </datafield>
  <datafield tag="505" ind1=" " ind2=" ">
    <subfield code="a">Contenido: Resoluci&#xF3;n de est&#xED;mulo para el magisterio de la provincia de Urubamba y el inspector de educaci&#xF3;n de las provincias de Urubamba y la convenci&#xF3;n. -- El problema de la alimentaci&#xF3;n frente a la educaci&#xF3;n del Ni&#xF1;o ind&#xED;gena. -- Ulda Zapata de Gilt. -- La educaci&#xF3;n pre vocacional y su rol. -- Algunas apuntes de car&#xE1;cter pr&#xE1;ctica del temario desarrollado por el Inspector de educaci&#xF3;n don Mario Gilt. -- Leyenda del Yahuarmaqui. -- No tengo madre. Ulda Z. de Gilt. Directora de la Escuela 7106 de Urubamba.</subfield>
  </datafield>
  <datafield tag="650" ind1=" " ind2=" ">
    <subfield code="a">Urubamba</subfield>
    <subfield code="9">1753</subfield>
  </datafield>
  <datafield tag="650" ind1=" " ind2=" ">
    <subfield code="a">Educaci&#xF3;n</subfield>
    <subfield code="9">460</subfield>
  </datafield>
  <datafield tag="700" ind1=" " ind2=" ">
    <subfield code="a">Zapata de Gilt, Ulda</subfield>
    <subfield code="9">47497</subfield>
  </datafield>
  <datafield tag="942" ind1=" " ind2=" ">
    <subfield code="2">ddc</subfield>
    <subfield code="c">PP</subfield>
  </datafield>
  <datafield tag="945" ind1=" " ind2=" ">
    <subfield code="a">rac</subfield>
  </datafield>
  <datafield tag="952" ind1=" " ind2=" ">
    <subfield code="0">0</subfield>
    <subfield code="2">ddc</subfield>
    <subfield code="4">0</subfield>
    <subfield code="7">0</subfield>
    <subfield code="a">HEM</subfield>
    <subfield code="b">HEM</subfield>
    <subfield code="c">CART</subfield>
    <subfield code="d">2022-03-09</subfield>
    <subfield code="g">5.00</subfield>
    <subfield code="o">Alma/N&#xB0;1/1951</subfield>
    <subfield code="p">REVC000678</subfield>
    <subfield code="r">2022-03-09</subfield>
    <subfield code="y">PP</subfield>
  </datafield>
</record>
